00666nam a2200205 a 450000500170000000800410001702000180005805000250007610000190010124501070012025000120022726000540023930000390029350000500033252100090038254600110039165000210040270000170042370000200044020140310183621.0130326s19uu xx 00 eng d a9780273726135 aHB 615 b.En583 2011 aWesthead, Paul aEntrepreneurship :bperspectives and cases /cedited by Paul Westhead, Mike Wright and Gerard McElwee. a1st ed. aHarlow ; New York, NY :bFT Prentice Hall,c2011. axxv, 454 p. :bcol. ill. ;c25 cm. aIncludes bibliographical references and index aBSBA aC15467 aEntrepreneurship aWright, Mike aMcElwee, Gerard